[Event "Challenge"]
[Site "http://www.queenalice.com/game.php?id=1432077"]
[Date "2016.7.17"]
[Round "-"]
[White "Oziris"]
[Black "colatina"]
[Result "0-1"]
[WhiteElo "1500"]
[BlackElo "1904"]

1. e4 e6 2. d4 d5 3. e5 c6 4. Nf3 h6 5. Bf4 Bb4+ 6. c3 Be7 7. b4 g5 8. Bg3 h5 9.
h3 f6 10. Qd3 f5 11. h4 a5 12. b5 b6 13. bxc6 Ba6 14. Qc2 Bxf1 15. Kxf1 Nxc6 16.
Nxg5 Bxg5 17. hxg5 Qxg5 18. Na3 h4 19. Qa4 Ne7 20. Nb5 Kf7 21. Nd6+ Kg6 22. Bh2
Qd2 23. Qb3 a4 24. Qa3 Qd3+ 25. Kg1 Nxd4 26. Nb7 Ne2+ 27. Kf1 Nxc3+ 0-1

[Event "Nobio X Lucas 1"]
[Site "http://www.queenalice.com/game.php?id=1432078"]
[Date "2016.7.17"]
[Round "-"]
[White "Oziris"]
[Black "Bategoll"]
[Result "0-1"]
[WhiteElo "1879"]
[BlackElo "1927"]

1. e4 e5 2. Nf3 Qe7 3. c3 Nf6 4. Qc2 g6 5. d4 d6 6. d5 Bg7 7. c4 O-O 8. h3 c5 9.
g4 Nbd7 10. g5 Nh5 11. Be2 Nb6 12. Ng1 Nf4 13. h4 Ng2+ 14. Kd1 f5 15. Bf3 Nf4
16. Bxf4 exf4 17. Nc3 Nxc4 18. exf5 Bxf5 19. Qb3 Rfe8 20. Nge2 Ne5 21. Nb5 Nxf3
22. Qxf3 Be4 23. Qxf4 Bxh1 24. Qd2 Kh8 25. Nbc3 Bf3 26. Kc2 Bxe2 27. Re1 Bd3+
28. Kd1 Qxe1+ 29. Qxe1 Rxe1+ 30. Kxe1 Bxc3+ 0-1

[Event "Challenge"]
[Site "http://www.queenalice.com/game.php?id=1432082"]
[Date "2016.7.17"]
[Round "-"]
[White "Oziris"]
[Black "Sonia"]
[Result "0-1"]
[WhiteElo "1617"]
[BlackElo "1647"]

1. e4 e5 2. Nf3 Nc6 3. c3 Nf6 4. Qa4 a6 5. d4 Nxe4 6. d5 Nc5 7. Qc4 b6 8. dxc6
d5 9. Qe2 Bd6 10. Nxe5 O-O 11. Bf4 Qf6 12. b4 Ne6 13. Nd2 Qxf4 14. Nd3 Qf6 15.
Rc1 a5 16. b5 Ng5 17. Qd1 h6 18. Nf3 Ne4 19. Qb3 Be6 20. Nd2 Nxd2 21. Kxd2 Bf4+
22. Kc2 Bxc1 0-1

[Event "Elifas X Lucas"]
[Site "http://www.queenalice.com/game.php?id=1432083"]
[Date "2016.7.17"]
[Round "-"]
[White "Oziris"]
[Black "Arthur0007"]
[Result "0-1"]
[WhiteElo "1809"]
[BlackElo "2060"]

1. e4 e5 2. Nf3 Nf6 3. Nxe5 d6 4. Nf3 Nxe4 5. Qe2 Qe7 6. d3 Nf6 7. Qxe7+ Bxe7 8.
d4 O-O 9. Bd3 Bg4 10. Be2 Nbd7 11. h3 Bf5 12. c4 h6 13. g4 Be4 14. Nc3 d5 15. c5
Nh7 16. Nxe4 dxe4 17. Nd2 Rfe8 18. Nxe4 Bh4 19. Ng3 Bxg3 20. fxg3 Re4 21. Kf2
Rxd4 22. Rd1 Rxd1 23. Bxd1 Nxc5 24. Bc2 Re8 25. Be3 Ne4+ 26. Bxe4 Rxe4 27. Bxa7
Ng5 28. h4 Ne6 29. b3 Rxg4 30. Rd1 Kf8 31. Kf3 h5 32. Rd5 g6 33. Bc5+ Ke8 34. a4
b6 35. Bf2 Rb4 36. Rd3 Rg4 37. Ke2 Re4+ 0-1

[Event "Lintz vs Ztnilz "]
[Site "http://www.queenalice.com/game.php?id=1432084"]
[Date "2016.7.17"]
[Round "-"]
[White "Oziris"]
[Black "Lintz"]
[Result "0-1"]
[WhiteElo "1617"]
[BlackElo "2079"]

1. e4 e5 2. Nf3 Nc6 3. Nc3 d6 4. Bb5 Bd7 5. d3 a6 6. Ba4 Be7 7. h3 h5 8. Nd5 b5
9. Bb3 a5 10. c4 b4 11. a3 Nf6 12. Nxe7 Qxe7 13. d4 Nxd4 14. Nxd4 exd4 15. Qxd4
c5 16. Qd1 Nxe4 17. Qe2 Bc6 18. f3 Nf6 19. Qxe7+ Kxe7 0-1

[Event "É Pedro "]
[Site "http://www.queenalice.com/game.php?id=1432180"]
[Date "2016.7.18"]
[Round "-"]
[White "colatina"]
[Black "Oziris"]
[Result "0-1"]
[WhiteElo "1906"]
[BlackElo "1737"]

1. e4 e5 2. Nf3 Nf6 3. Bc4 Nxe4 4. d3 Nc5 5. Nxe5 d5 6. Qe2 Be7 7. d4 Ne6 8. Bd3
Nxd4 9. Qh5 Be6 10. Bg6 fxg6 11. Nxg6 Bf7 12. Qd1 Nxc2+ 13. Qxc2 Bxg6 14. Qa4+
Qd7 15. Qd4 Qe6+ 16. Be3 Bf6 17. Qd2 d4 0-1

[Event "Challenge"]
[Site "http://www.queenalice.com/game.php?id=1432356"]
[Date "2016.7.20"]
[Round "-"]
[White "Guilhermerocha"]
[Black "Oziris"]
[Result "1-0"]
[WhiteElo "1779"]
[BlackElo "1647"]

1. e4 d5 2. exd5 Qxd5 3. Nc3 Qe5+ 4. Be2 Nf6 5. Nf3 Qf5 6. d3 h6 7. Nd4 Qg6 8.
Bf4 Qxg2 9. Bf3 Qh3 10. Ncb5 Na6 11. Bxc7 Bg4 12. Rg1 Bxf3 13. Qxf3 Qxf3 14.
Nxf3 Rc8 15. Be5 Rxc2 16. Nxa7 Rxb2 17. Bxb2 Nb4 18. Bxf6 exf6 19. d4 Nc2+ 20.
Kd2 Nxa1 21. Rxa1 g5 22. Re1+ Kd7 23. Rb1 1-0

[Event "Challenge"]
[Site "http://www.queenalice.com/game.php?id=1432357"]
[Date "2016.7.20"]
[Round "-"]
[White "Oziris"]
[Black "Guilhermerocha"]
[Result "0-1"]
[WhiteElo "1687"]
[BlackElo "1766"]

1. e4 e5 2. Nf3 d6 3. Nc3 Bg4 4. h3 Bh5 5. Bc4 h6 6. d3 a6 7. g4 Bg6 8. h4 Nf6
9. h5 Bh7 10. g5 hxg5 11. Bxg5 d5 12. Nxd5 Nbd7 13. Nxf6+ gxf6 14. Bxf6 Qxf6 15.
Bd5 O-O-O 16. c4 Bb4+ 17. Nd2 c6 18. Rc1 Kb8 19. Bxc6 Bxd2+ 20. Qxd2 Qxc6 21.
Rg1 Bxe4 22. dxe4 Qxe4+ 0-1

[Event "Challenge"]
[Site "http://www.queenalice.com/game.php?id=1445985"]
[Date "2016.10.15"]
[Round "-"]
[White "jsiebel"]
[Black "Oziris"]
[Result "0-1"]
[WhiteElo "1505"]
[BlackElo "1562"]

1. e4 e6 2. d4 d5 3. e5 c5 4. Bb5+ Bd7 5. a4 cxd4 6. Nf3 Qa5+ 7. c3 Bxb5 8. b4
Qa6 9. Nxd4 Bd3 10. b5 Bxb5 11. Nxb5 Qc6 12. O-O g6 13. Ba3 Bg7 14. Re1 Nd7 15.
Nd6+ Kd8 16. Nxf7+ Ke8 17. Qf3 Nxe5 18. Nxe5 Qc7 19. Nd3 Ne7 20. Bxe7 Kxe7 21.
Ra3 Rac8 22. g3 Qa5 23. Nf4 e5 24. Nxd5+ Ke6 25. h4 Qxd5 26. Qxd5+ Kxd5 27. Nd2
Rhd8 28. c4+ Ke6 29. Ra2 Kf5 30. Re4 Rxd2 31. Rxd2 Kxe4 32. Rc2 Kd3 33. Rb2 b6
34. f4 e4 35. Kf2 Bxb2 36. g4 e3+ 37. Ke1 Rxc4 38. f5 Rc1# 0-1

[Event "TEMPO ESGOTADO IV"]
[Site "http://www.queenalice.com/game.php?id=1446494"]
[Date "2016.10.19"]
[Round "-"]
[White "rogeriocastro"]
[Black "Oziris"]
[Result "1-0"]
[WhiteElo "1246"]
[BlackElo "1547"]

1. e4 e6 2. d4 d5 3. exd5 exd5 4. Nc3 a6 5. Nf3 h6 6. Bd3 Nf6 7. O-O Be6 8. Be3
Bd6 9. Qd2 Nc6 10. Rfe1 Qd7 11. Re2 Ng4 12. h3 Nxe3 13. Qxe3 O-O-O 14. Rae1 Rhe8
15. Nd2 Bg4 16. Bf5 1-0

[Event "Challenge"]
[Site "http://www.queenalice.com/game.php?id=1463409"]
[Date "2017.2.8"]
[Round "-"]
[White "Oziris"]
[Black "colatina"]
[Result "0-1"]
[WhiteElo "1554"]
[BlackElo "1844"]

1. e3 e5 2. d4 exd4 3. exd4 Qe7+ 4. Be2 g6 5. Nf3 d5 6. h3 Nc6 7. O-O Bg7 8. Re1
Be6 9. Bb5 a6 10. Bxc6+ bxc6 11. Ng5 Nf6 12. Nc3 O-O 13. Nxe6 fxe6 14. Bg5 Rae8
15. Qe2 h6 16. Bh4 g5 17. Bg3 Nd7 18. Bxc7 Bxd4 19. Rf1 Bxc3 20. bxc3 Nc5 21.
Qe5 Rf5 22. Qd6 Qxd6 23. Bxd6 Ne4 24. Bb4 c5 25. Ba5 Rb8 26. f3 Nd2 27. Rf2 Nc4
28. g4 Rf7 0-1

[Event "Challenge"]
[Site "http://www.queenalice.com/game.php?id=1463717"]
[Date "2017.2.10"]
[Round "-"]
[White "Oziris"]
[Black "Bategoll"]
[Result "0-1"]
[WhiteElo "1584"]
[BlackElo "1818"]

1. e4 e5 2. Nf3 d6 3. Bc4 Be7 4. c3 Nf6 5. Ng5 O-O 6. Qb3 Qe8 7. Bb5 c6 8. Bc4
b5 9. Bxf7+ Rxf7 10. Nxf7 Qxf7 11. Qxf7+ Kxf7 12. d3 a5 13. Bg5 Kg8 14. Nd2 Be6
15. d4 exd4 16. cxd4 h6 17. Bh4 g5 18. Bg3 Nh5 19. e5 Nxg3 20. hxg3 Kg7 21. f4
Bd5 22. Rh2 Nd7 23. Ke2 Be6 24. Rf1 Rh8 25. b3 dxe5 26. dxe5 Bg4+ 27. Ke3 Be6
28. f5 Bc5+ 29. Kd3 Nxe5+ 30. Ke4 Bd5+ 31. Kxe5 Re8# 0-1

[Event "Challenge"]
[Site "http://www.queenalice.com/game.php?id=1464150"]
[Date "2017.2.12"]
[Round "-"]
[White "Sonia"]
[Black "Oziris"]
[Result "1-0"]
[WhiteElo "1695"]
[BlackElo "1584"]

1. e4 e6 2. Nf3 d5 3. d3 dxe4 4. Ne5 Bc5 5. Ng4 exd3 6. Bxd3 Nc6 7. O-O e5 8.
Re1 Bd6 9. h3 h6 10. Nc3 Qh4 11. Be2 f5 12. Ne3 f4 13. Ned5 Nge7 14. Bh5+ g6 15.
Bf3 Nd4 16. a3 Bf5 17. Re2 Nxe2+ 18. Qxe2 Nxd5 19. Bxd5 c6 20. Ba2 g5 21. Ne4
Bxe4 22. Qxe4 O-O-O 23. Qf5+ Kb8 24. Bd2 h5 25. Be1 g4 26. f3 gxh3 27. Bxh4 hxg2
28. Kxg2 1-0

[Event "Challenge"]
[Site "http://www.queenalice.com/game.php?id=1467639"]
[Date "2017.3.6"]
[Round "-"]
[White "vivoferreira"]
[Black "Oziris"]
[Result "1-0"]
[WhiteElo "1402"]
[BlackElo "1512"]

1. f4 e6 2. e4 b6 3. d3 Bb7 4. Nf3 Nc6 5. Nc3 Bc5 6. Na4 Bb4+ 7. Bd2 Qe7 8. Bxb4
Qxb4+ 9. c3 Qd6 10. e5 Qf8 11. d4 a6 12. b3 Qa3 13. Be2 Nge7 14. O-O Nf5 15. Qd2
O-O-O 16. g3 h6 17. Nh4 Nxh4 18. gxh4 f6 19. exf6 gxf6 20. Bf3 1-0

[Event "Challenge"]
[Site "http://www.queenalice.com/game.php?id=1467640"]
[Date "2017.3.6"]
[Round "-"]
[White "Oziris"]
[Black "vivoferreira"]
[Result "0-1"]
[WhiteElo "1488"]
[BlackElo "1422"]

1. e4 c5 2. Nf3 e6 3. Bc4 Nc6 4. c3 d6 5. d3 e5 6. O-O Bg4 7. Qb3 Qd7 8. Ng5 Be6
9. Bxe6 fxe6 10. Qxe6+ Qxe6 11. Nxe6 Rc8 12. f4 Nd8 13. Nxf8 Kxf8 14. fxe5+ Ke7
15. exd6+ Kxd6 16. c4 Nh6 17. Bxh6 gxh6 18. Rf6+ Ne6 19. Rxh6 Ke5 20. Nc3 Nf4
0-1

[Event "Challenge"]
[Site "http://www.queenalice.com/game.php?id=1468980"]
[Date "2017.3.15"]
[Round "-"]
[White "orionchess"]
[Black "Oziris"]
[Result "1-0"]
[WhiteElo "1962"]
[BlackElo "1547"]

1. d4 d5 2. e3 Nf6 3. Bd3 Bg4 4. Ne2 Qd7 5. f4 Qe6 6. O-O Ne4 7. Nd2 f5 8. Qe1
h5 9. Nf3 Nd7 10. b3 Ndf6 11. Ne5 Rh6 12. c4 c6 13. Bb2 1-0